00806nam a22001457a 4500020001800000041000800018082001300026100002100039245002800060260003000088300000800118505018200126520029800308650005400606 a9780264673332 aENG a230bDOR aDorothee Sòˆlle a Theology for sceptics  aMowbray,b London, c1995 a126 a1. Speaking of God 2. Images of God 3. Names of God 4. The Unkown God 5.God's pain and ours 6. Christ, the man for others 7. Cross and resurrection 8. Loving God 9. Trusting God aThe author assembles critical and innovatory sketches of another understanding of God. Her enquiry leads her to the conclusion that we today are not finished with God, that God lives in awakenings towards liberation and mysticism and in experiences of politically and spiritually aware people. a Belief and doubt ChristianityaCroyance et doute